000 00493nam a2200181Ia 4500
005 20250508150428.0
008 008 250505s9999 xx 000 0 eng d
037 _aTextual
040 _aFEDL
_beng
_cFEDL
041 _aeng
_2eng
084 _a612, VAY
_qFEDL
100 _aVay A David Le
_9756678
245 0 _aPhysiology
260 _aLondon, UK
_bThe English Universities Press Ltd.
_c1948
300 _aviii,209p.
942 _cTEXL
_h612, VAY
999 _c1323594
_d1323594